000 00499 a2200205 4500
999 _c12272
_d12272
003 OSt
005 20231120114216.0
008 231120b ||||| |||| 00| 0 eng d
020 _a9783868594614
040 _aBMSCA
041 _aEng
082 _223
_a307.768
_bMIT
100 _aDUNIA MITTNER
245 _aNEW TOWNS
_bAN INVESTIGATION ON URBANISM
260 _bJOVIS Verlag,
_c2018.
_aLondon:
300 _aXI,320p.:
_c23cm.
650 _2New towns
650 _2City planning
942 _2ddc